000 02174nas a2200385 a 4500
001 001086326
003 AM-YeHGA
005 20260129145049.0
008 150612d19451950sy |||pd|| || ||arm|d
040 _aAM-YeHGA
041 0 _aarm
245 0 0 _aԴէպի երկիր :
_bՊարբերագիրք գրականութեան եւ արուեստի /
_cԽմբ.՝ Ա. Նաճարեան, Մ. Գուշագճեան ; Հրատ.՝ Սովետական Հայաստանի հետ մշակութային կապի Հալէպահայ ընկերակցութեան.
246 3 _aԴեպի երկիր :
246 1 3 _aTebi yerguir
260 _aՀալէպ :
_bտպ. Սեւան,
_c1945-1949.
300 _a52-136 էջ ։
_c30 x 22, 23,5 x 16 սմ.
310 _aԱմենամսյա
362 0 _a1945-1950
500 _aԵնթավերնագրեր՝ Պարբերագիրք գրականության և արվեստի ; Պաշտոնաթերթ Հայրենաբաղձ հայերու ընդհանուր միության ; Պարբերագիրք գրականության և արվեստի
500 _aԽմբագիրներ՝ Ա. Նաճարյան, Մարտիրոս Գուշագճյան, Թորոս Թորանյան, Պետրոս Պարգև (Պետրոս Փայասլյան), Հակոբ Ալեքսանյան
500 _aՏպարաններ՝ Տեր Սահակյան, Անի
546 _aԲնագիրը՝ հայերեն
650 0 4 _aԱմսագիր
650 1 4 _aՀայկական սփյուռք
_vՊարբերականներ
_yXXդ.
650 1 4 _aԳրական մամուլ
_vՊարբերականներ
_yXXդ.
650 1 4 _aԱրվեստ
_vՊարբերականներ
_yXXդ.
650 1 4 _aԱրևմտահայերեն
_vՊարբերականներ
_yXXդ.
651 4 _aՀալեպ
651 4 _aՍիրիա
700 1 _aՆաճարեան, Անդրանիկ Տիգրանի,
_d1922-
_eխմբ.
700 1 _aԳուշագճեան, Մ.,
_eխմբ.
710 2 _aՍովետական Հայաստանի հետ մշակութային կապի Հալէպահայ ընկերակցութիւն
856 4 1 _uhttps://tert.nla.am/mamul/Depi-erkir/Table.html
_yԿարդալ առցանց
942 _2udc
_cCR
999 _c351166
_d351166